01266nam a22002057a 450000500170000000800410001702000180005804000070007604100120008308200230009510000180011824500780013626000400021430000250025436500520027952006770033165000140100865000180102270000200104020250506100430.0240702b ||||| |||| 00| 0 eng d a9781804090947 cAL aEnglish 223a332.4019bHOUS aMorgan Housel aSame as Ever: Timeless lessons on risk opportunity and living a good life aHampshirebHarriman House Ltdc2023 a206 pbPBc21x14 cm. a554b₹360.00c₹d₹450.00e20%f01-05-2024 aWhen planning for the future we often ask, "What will the economy be doing this time next year?" Or, "What will be different ten years from now?" But forecasting is hard. The important events that will shape the future are inherently unpredictable. Instead, we should be asking a different question: What will be the same ten years from now? What will be the same one hundred years from now? Knowledge of the things that never change is more useful, and more important, than an uncertain prediction of an unknowable future. In Same As Ever, bestselling author Morgan Housel shares 24 short stories about the ways that life, behaviour, and business will always be the same. aSELF-HELP aINSPIRATIONAL aHOUSEL (Morgan)